<?xml version="1.0" encoding="UTF-8"?>
<record
    xmlns:xsi="http://www.w3.org/2001/XMLSchema-instance"
    xsi:schemaLocation="http://www.loc.gov/MARC21/slim http://www.loc.gov/standards/marcxml/schema/MARC21slim.xsd"
    xmlns="http://www.loc.gov/MARC21/slim">

  <leader>01651namaa22003251i 4500</leader>
  <controlfield tag="005">20260629122148.0</controlfield>
  <controlfield tag="008">260629s1994    ua a|||frm||| 000 0 eng d</controlfield>
  <datafield tag="040" ind1=" " ind2=" ">
    <subfield code="a">EG-GICUC</subfield>
    <subfield code="b">eng</subfield>
    <subfield code="c">EG-GICUC</subfield>
    <subfield code="d">EG-GICUC</subfield>
    <subfield code="e">rda</subfield>
  </datafield>
  <datafield tag="041" ind1="0" ind2=" ">
    <subfield code="a">eng</subfield>
    <subfield code="b">eng</subfield>
    <subfield code="b">ara</subfield>
  </datafield>
  <datafield tag="049" ind1=" " ind2=" ">
    <subfield code="a">Deposite</subfield>
  </datafield>
  <datafield tag="097" ind1=" " ind2=" ">
    <subfield code="a">M.Sc</subfield>
  </datafield>
  <datafield tag="099" ind1=" " ind2=" ">
    <subfield code="a">Cai01.11.18.M.Sc.1994.Am.I.</subfield>
  </datafield>
  <datafield tag="100" ind1="0" ind2=" ">
    <subfield code="a">Amr Ahmed Amin Nassar, </subfield>
    <subfield code="e">preparation.</subfield>
  </datafield>
  <datafield tag="245" ind1="1" ind2="0">
    <subfield code="a">Influence Of Post- Methotrexate Folinc Acid Rescue On Regimen Related Liver Toxicity And Graft Versus Host Disease After Allogeneic Bone Marrow Transplantation / </subfield>
    <subfield code="c">By Amr Ahmed Amin Nassar; Under Supervision Of Prof.Dr. Esmat A. Sheiba, Prof.Dr. Mohamed Ali Abd EL Hafez, Dr. Hossam Kamel Mahmoud.</subfield>
  </datafield>
  <datafield tag="246" ind1="1" ind2="5">
    <subfield code="a">&#x62A;&#x623;&#x62B;&#x64A;&#x631; &#x627;&#x644;&#x639;&#x644;&#x627;&#x62C; &#x628;&#x62D;&#x645;&#x636; &#x627;&#x644;&#x641;&#x648;&#x644;&#x64A;&#x646;&#x64A;&#x643; &#x639;&#x644;&#x649; &#x633;&#x645;&#x64A;&#x629; &#x639;&#x642;&#x627;&#x631; &#x627;&#x644;&#x645;&#x64A;&#x62B;&#x648;&#x62A;&#x631;&#x643;&#x633;&#x627;&#x62A; &#x639;&#x644;&#x649; &#x627;&#x644;&#x643;&#x628;&#x62F; &#x648;&#x62D;&#x62F;&#x648;&#x62B; &#x627;&#x644;&#x637;&#x631;&#x62F; &#x627;&#x644;&#x639;&#x643;&#x633;&#x64A; &#x628;&#x639;&#x62F; &#x627;&#x62C;&#x631;&#x627;&#x621; &#x639;&#x645;&#x644;&#x64A;&#x629; &#x632;&#x631;&#x627;&#x639;&#x629; &#x627;&#x644;&#x646;&#x62E;&#x627;&#x639; &#x627;&#x644;&#x639;&#x638;&#x645;&#x649; &#x627;&#x644;&#x63A;&#x64A;&#x631; &#x630;&#x627;&#x62A;&#x64A; /</subfield>
  </datafield>
  <datafield tag="264" ind1=" " ind2="0">
    <subfield code="c">1994.</subfield>
  </datafield>
  <datafield tag="300" ind1=" " ind2=" ">
    <subfield code="a">155 pages : </subfield>
    <subfield code="b">illustrations ;</subfield>
    <subfield code="c">30 cm. + </subfield>
  </datafield>
  <datafield tag="336" ind1=" " ind2=" ">
    <subfield code="2">rda content</subfield>
    <subfield code="a">text</subfield>
  </datafield>
  <datafield tag="337" ind1=" " ind2=" ">
    <subfield code="2">rdamedia</subfield>
    <subfield code="a">Unmediated</subfield>
  </datafield>
  <datafield tag="338" ind1=" " ind2=" ">
    <subfield code="2">rdacarrier</subfield>
    <subfield code="a">volume</subfield>
  </datafield>
  <datafield tag="502" ind1=" " ind2=" ">
    <subfield code="a">Thesis (M.Sc.) -Cairo University, 1994.  </subfield>
  </datafield>
  <datafield tag="504" ind1=" " ind2=" ">
    <subfield code="a">Bibliography: pages 115-155. </subfield>
  </datafield>
  <datafield tag="653" ind1=" " ind2="0">
    <subfield code="a">Internal Medicine </subfield>
  </datafield>
  <datafield tag="700" ind1="0" ind2=" ">
    <subfield code="a">Esmat A. Sheiba </subfield>
    <subfield code="e">thesis advisor.</subfield>
  </datafield>
  <datafield tag="700" ind1="0" ind2=" ">
    <subfield code="a">Mohamed Ali Abd EL Hafez</subfield>
    <subfield code="e">thesis advisor.</subfield>
  </datafield>
  <datafield tag="700" ind1="0" ind2=" ">
    <subfield code="a">Hossam Kamel Mahmoud</subfield>
    <subfield code="e">thesis advisor.</subfield>
  </datafield>
  <datafield tag="900" ind1=" " ind2=" ">
    <subfield code="D">Department of Internal Medicine </subfield>
    <subfield code="F">Faculty of Medicine </subfield>
    <subfield code="U">Cairo University</subfield>
    <subfield code="b">1994</subfield>
    <subfield code="c">Esmat A. Sheiba </subfield>
    <subfield code="c">Mohamed Ali Abd EL Hafez</subfield>
    <subfield code="c">Hossam Kamel Mahmoud</subfield>
  </datafield>
  <datafield tag="905" ind1=" " ind2=" ">
    <subfield code="a">Eman El gebaly </subfield>
  </datafield>
  <datafield tag="942" ind1=" " ind2=" ">
    <subfield code="2">ddc</subfield>
    <subfield code="c">TH</subfield>
    <subfield code="e">21</subfield>
    <subfield code="n">0</subfield>
  </datafield>
  <datafield tag="999" ind1=" " ind2=" ">
    <subfield code="c">180645</subfield>
  </datafield>
  <datafield tag="952" ind1=" " ind2=" ">
    <subfield code="2">ddc</subfield>
    <subfield code="9">319380</subfield>
    <subfield code="a">CUCL</subfield>
    <subfield code="b">100</subfield>
    <subfield code="d">2026-06-29</subfield>
    <subfield code="i">25861</subfield>
    <subfield code="o">Cai01.11.18.M.Sc.1994.Am.I.</subfield>
    <subfield code="p">01010110025861000</subfield>
    <subfield code="r">2026-06-29 11:22:24</subfield>
    <subfield code="w">2026-06-29</subfield>
    <subfield code="y">TH</subfield>
  </datafield>
</record>
